000 00222nam a2200097Ia 4500
008 170619s9999 xx 000 0 und d
100 _aSingh- R K
245 0 _aOptical communication
260 _bKataria and Sons
260 _c2004
546 _aENGLISH
999 _c17285
_d17285